00880nam a2200253I 450000100060000000300080000600500170001400800390003103500190007003500200008904000320010904100080014108200220014909000260017110000260019724500940022326000500031730000290036750400200039665000350041694200120045199900170046395201460048015608BD-RjUL20211208235844.0140210s1952 enka b 001 0 eng a(BD-RjUL)15663 a(OCoLC)02281784 aDLCcGUAdMYGdBD-RjULbeng aeng a658.386bTIM 1952 aHF5549.5.T7bT5x 19521 aTickner, F. J.94845310aModern staff training :ba survey of training needs and methods of today /cF. J. Tickner aLondon :bUniversity of London Press,cc1952. a159 p. :bill. ;c23 cm. aIncludes index. 0aEmployeesxTraining of.916490 2ddccBK c15608d15608 00102ddc40718NFICaRUCLbRUCLcReadingd1957-04-01eSimpkin Marshallg0.13l0o658.386 TIM 1952r2014-02-10 00:00:00tC-1w2014-02-10yBK